000 02399nim a2200433 i 4500
001 197203
003 ES-MaACL
005 20250828062557.0
007 ss lsnjlcipnne
008 250424s1990 sp nnnn |||| 00| spa d
040 _bspa
_cES-MaACL
245 0 1 _aLa formación de postgrado en psicología clínica a través del sistema PIR
_h[Grabación sonora] :
_bmesa redonda /
_cintervienen Alfonso Hernández, Begoña Olabarría, Ladislao Lara, Fernando de la Torriente y Juan Casco Solís; presenta Consuelo Escudero.
260 _aMadrid :
_bAteneo de Madrid,
_c1990.
300 _a2 casetes (ca. 180 min) :
_bson ;
_c11 cm
490 1 _3Actos culturales en el Ateneo de Madrid
518 _aGrabado el 8 de mayo de 1990 en el Salón de Actos del Ateneo de Madrid.
520 _aMesa redonda titulada La formación de postgrado en psicología clínica a través del sistema PIR. Intervienen Alfonso Hernández, decano del Colegio Oficial de Psicólogos, Begoña Olabarría, secretaria general del Colegio Oficial de Psicólogos, Ladislao Lara, director gerente del Instituto Andaluz de Salud Mental, Fernando de la Torriente, subdirector General de Planificación Sanitaria. Ministerio de Sanidad y Consumo, y Juan Casco Solís, coordinador de docencia del Servicio de Salud Mental. Comunidad Autónoma de Madrid.
540 _aDocumento inédito
594 _5Datos tomados de la invitación.
610 2 0 _aAteneo de Madrid-
_xActos culturales-
_y1990-
_vGrabaciones sonoras
_9240083
650 7 _aPsicología clínica
_2embne
_916553
653 _aArchivo de la palabra
655 0 _aConferencias
_9234444
700 1 _aOlabarría, Begoña,
_d1954-
_eora
_986632
700 0 _947679
_aEscudero, Consuelo
_epres
700 1 _9240257
_aHernández Gordillo, Adolfo
_eora
700 _9240253
_aDíaz, M. Eugenia
_eora
700 _9240254
_aLara, Ladislao
_eora
700 _9240255
_ade la Torriente, Fernando
_eora
700 _9240256
_aCasco Solís, Juan
_eora
710 2 _92008
_aAteneo de Madrid.
_ehis
_bSección de Psicología
710 _9240249
_aJunta Estatal del Colegio Oficial de Psicología
_eclb
830 0 _aActos culturales en el Ateneo de Madrid
_9240237
852 _aES-MaACL
_cDEPOZ
_9205278
852 _aES-MaACL
_cDEPOZ
_9205278
942 _2udc
_n0
_cCINTASAUD
999 _c197203
_d197203